| 000 | 01002cam a22002651i 4500 | ||
|---|---|---|---|
| 003 | SA-RiAUC | ||
| 005 | 20241203144926.0 | ||
| 008 | 241203s2004 ir g 000 0 ara c | ||
| 040 |
_aIQ-KaPLI _bara _cSA-RiAUC. _erda |
||
| 050 | 4 | _b. A81 2004 | |
| 082 | 0 | 4 |
_a258.6 _qSA-RiAUC |
| 090 |
_a258.6 _b س ب ح |
||
| 100 | 1 |
_aالسبحاني، جعفر، _d1929- _eمؤلف. |
|
| 245 | 1 | 0 |
_aأصول الفقه المقارن فيما لا نص فيه / _cتأليف جعفر السبحاني. |
| 250 | _aالطبعة الأولى. | ||
| 264 | 1 |
_aقم، إيران : _bمؤسسة الإمام الصادق عليه السلام، _c2004 |
|
| 300 |
_a394 صفحة ؛ _c24 سم |
||
| 336 |
_aنص _btxt _2rdacontent _3كتاب |
||
| 337 |
_aبدون وسيط _bn _2rdamedia |
||
| 338 |
_aمجلد _bnc _2rdacarrier |
||
| 650 | 7 |
_aأصول الفقه الإسلامي (شيعة) _2aucsh |
|
| 650 | 7 |
_aفقه الشيعة _2aucsh |
|
| 942 |
_2ddc _cBOOK _n0 |
||
| 949 |
_aSA-JeALM _d241203 _uosman123 _n1 |
||
| 999 |
_c2997 _d2997 |
||